000
00287nam a22001217a 4500
008
181218b xxu||||| |||| 00| 0 eng d
041
_a
eng
080
_a
910
100
_a
42
101
_a
GJEO
245
_a
Teacher's Manual for The Eastern Hemisphere
_c
Drummond,H.D
942
_2
udc
_c
BK
999
_c
53367
_d
53367